|
|
|
|
| LEADER |
00622nab a2200181 i 4500 |
| 001 |
acta51944 |
| 005 |
20250403155135.0 |
| 008 |
180514s1940 hu o 000 hun d |
| 040 |
|
|
|a SZTE Egyetemi Kiadványok Repozitórium
|b hun
|
| 041 |
|
|
|a hun
|
| 245 |
0 |
0 |
|a Természettan
|h [elektronikus dokumentum] :
|b VI. osztály
|
| 260 |
|
|
|c 1940
|
| 300 |
|
|
|a 650-652
|
| 490 |
0 |
|
|a Gyakorlati pedagógia
|
| 650 |
|
4 |
|a Társadalomtudományok
|
| 650 |
|
4 |
|a Oktatástudomány
|
| 695 |
|
|
|a Óravázlat, Pedagógia - gyakorlati, Villamosságtan
|
| 856 |
4 |
0 |
|u http://acta.bibl.u-szeged.hu/51944/1/gyakorlati_1940_004_005_650-652.pdf
|z Dokumentum-elérés
|